Pop Culture Quartets - Statistics

General Stats
  • This quiz has been taken 47 times
  • The average score is 14 of 24
Answer Stats
Hint Answer % Correct
The Ghostbusters Ray Stantz
100%
Teenage Mutant Ninja Turtles Donatello
89%
Teenage Mutant Ninja Turtles Michelangelo
86%
The Beatles Paul McCartney
80%
The Beatles John Lennon
77%
Teenage Mutant Ninja Turtles Leonardo
77%
Teenage Mutant Ninja Turtles Raphael
77%
The Beatles Ringo Starr
68%
The Fantastic Four The Thing
66%
The Fantastic Four Human Torch
61%
The Beatles George Harrison
59%
The Fantastic Four Mister Fantastic
59%
The Four Horsemen of the Apocalypse Death
52%
The Fantastic Four Invisible Woman
52%
The Ghostbusters Peter Venkman
52%
Harry Potter Marauders James Potter
50%
Harry Potter Marauders Peter Pettigrew
45%
The Four Horsemen of the Apocalypse Famine
43%
Harry Potter Marauders Sirius Black
43%
Harry Potter Marauders Remus Lupin
41%
The Four Horsemen of the Apocalypse War
41%
The Four Horsemen of the Apocalypse Pestilence
32%
The Ghostbusters Egon Spengler
27%
The Ghostbusters Winston Zeddemore
20%
No matching quizzes found
Score Distribution
Percent of People with Each Score
Percentile by Number Answered
Your Score History
You have not taken this quiz